Capitales d'Amérique du Nord (AVEC CARTE) - Quiz - Statistiques

Statistiques générales
  • Ce quiz a été pris 2 675 fois
  • Le résultat moyen est 15 sur 23
Réponses sur la Carte
Les réponses sont colorées sur une échelle allant du rouge au vert en fonction du pourcentage des utilisateurs qui les ont devinées à leur premier essai. Vous pouvez retrouver ces pourcentages ci-dessous.
 
Statistiques - réponses
Pays Capitales % Correct
Mexique Mexico
97%
Etats-Unis Washington
97%
Canada Ottawa
94%
Panama Panama
86%
Cuba La Havane
82%
Guatemala Guatemala
78%
Jamaïque Kingston
74%
Saint-Vincent-et-les- Grenadines Kingstown
74%
Salvador San Salvador
72%
Haïti Port-au-Prince
69%
République dominicaine Saint-Domingue
66%
Costa Rica San José
65%
Bahamas Nassau
60%
Nicaragua Managua
54%
Honduras Tegucigalpa
54%
Belize Belmopan
52%
Trinité-et-Tobago Port-d'Espagne
50%
Saint-Christophe- et-Niévès Basseterre
46%
Antigua-et-Barbuda Saint-John's
46%
Dominique Roseau
44%
Grenade Saint-Georges
44%
Barbade Bridgetown
41%
Sainte-Lucie Castries
41%
Aucun quiz correspondant
Distribution des résultats
% des personnes avec chaque résultat
Percentile par nombre de réponses
Votre historique - résultats
Vous n’avez pas pris ce quiz